chillwagon - 2.0 - Statystyki

Ogólne statystyki
  • Ten quiz został rozwiązany 10 razy
  • Średni wynik to 11 z 30
Statystyki odpowiedzi
Numer Tytuł % Poprawnych
5 jumper
80%
17 jeden jeden
60%
2 huśtawka
50%
1 pierwiastki
50%
23 ziarnko do ziarnka
50%
4 battle royale
40%
9 będzie za mną tęsknił blok
40%
13 david hustlehoff
40%
14 poyebane
40%
15 robale
40%
7 szyny były złe
40%
6 thailive
40%
20 zbastuj bajerke
40%
21 ciężko jest lekko zryć
30%
25 co tam słychać
30%
29 hiphop
30%
28 huawei
30%
11 jacuzzi
30%
30 jeżyk
30%
26 nic nie wiadomo
30%
3 power rangers
30%
22 puetfal
30%
10 sianko
30%
8 skrzydło
30%
24 stephano kumpel
30%
12 brudny styl
20%
27 nowy szlagier
20%
19 numer o trapowaniu
20%
18 squo
20%
16 bengier
10%
Nie znaleziono quizów pasujących do podanych kryteriów
Rozkład punktacji
Procent ludzi z każdym wynikiem
Percentyl według liczby udzielonych odpowiedzi
Twoja historia wyników
Nie rozwiązałeś tego quizu